[Event "Dos Hermanas op"]
[Site "Dos Hermanas"]
[Date "2000.04.14"]
[Round "8"]
[White "Oms Pallisse, Josep"]
[Black "Rodriguez Gerrero, E."]
[Result "0-1"]
[WhiteElo "2419"]
[BlackElo "2133"]
[PlyCount "92"]
[EventDate "2000.04.??"]
[EventType "swiss"]
[EventRounds "9"]
[EventCountry "ESP"]
[SourceTitle "CBM 075 Extra"]
[Source "ChessBase"]
[SourceDate "2000.05.11"]
[SourceVersion "2"]
[SourceVersionDate "2000.05.11"]
[SourceQuality "1"]

1. Nf3 c5 2. c4 Nc6 3. Nc3 e5 4. e3 Nf6 5. a3 d5 6. cxd5 Nxd5 7. Bb5 Nxc3 8. bxc3 Bd6 9. e4 0-0 10. 0-0 Be6 11. d3 Qa5 12. a4 h6 13. Bd2 Qc7 14. Nh4 Na5 15. Nf5 Kh7 16. Qh5 f6 17. Ne3 Qf7 18. Qxf7 Rxf7 19. Nc4 Bc7 20. Rfd1 Rd8 21. Be1 Nb3 22. Ne3 Nxa1 23. Rxa1 c4 24. Bxc4 Bxc4 25. dxc4 Bb6 26. Nd5 Rc8 27. a5 Bd8 28. Ra4 Rc5 29. a6 bxa6 30. Rxa6 Rxc4 31. f3 Rb7 32. Kf1 Bb6 33. Ke2 Bg1 34. Kd3 Rc8 35. h3 Rb1 36. Bd2 Rcb8 37. Be3 Bxe3 38. Nxe3 R8b7 39. Nd5 R1b2 40. c4 R2b3+ 41. Nc3 Rd7+ 42. Kc2 Rb4 43. Rc6 Rd4 44. c5 Rdc4 45. Ra6 Rb7 46. Rc6 Rb5 0-1